<?xml version="1.0" encoding="UTF-8"?>
<record
    xmlns:xsi="http://www.w3.org/2001/XMLSchema-instance"
    xsi:schemaLocation="http://www.loc.gov/MARC21/slim http://www.loc.gov/standards/marcxml/schema/MARC21slim.xsd"
    xmlns="http://www.loc.gov/MARC21/slim">

  <leader>02780nab a2200301 i 4500</leader>
  <controlfield tag="003">BR-BrBNA</controlfield>
  <controlfield tag="005">20240314115859.0</controlfield>
  <controlfield tag="008">240314b2012    bl.qr|pooa||| 00| 0 por |</controlfield>
  <datafield tag="040" ind1=" " ind2=" ">
    <subfield code="a">BR-BrBNA</subfield>
    <subfield code="b">por</subfield>
  </datafield>
  <datafield tag="072" ind1=" " ind2=" ">
    <subfield code="a">F02</subfield>
  </datafield>
  <datafield tag="100" ind1=" " ind2=" ">
    <subfield code="a">Morais, T.P.</subfield>
  </datafield>
  <datafield tag="100" ind1=" " ind2=" ">
    <subfield code="a">Luz, J.M.Q.</subfield>
  </datafield>
  <datafield tag="100" ind1=" " ind2=" ">
    <subfield code="a">Silva, S.M.</subfield>
  </datafield>
  <datafield tag="100" ind1=" " ind2=" ">
    <subfield code="a">Resende, R.F.</subfield>
  </datafield>
  <datafield tag="100" ind1=" " ind2=" ">
    <subfield code="a">Silva, A.S.</subfield>
  </datafield>
  <datafield tag="245" ind1=" " ind2=" ">
    <subfield code="a">Aplica&#xE7;&#xF5;es da cultura de tecidos em plantas medicinais</subfield>
  </datafield>
  <datafield tag="500" ind1=" " ind2=" ">
    <subfield code="a">Publica&#xE7;&#xE3;o on-line; Bibliography p. 117-121 (128 ref.); Summaries (En, Pt)</subfield>
  </datafield>
  <datafield tag="520" ind1=" " ind2=" ">
    <subfield code="a">

RESUMO: 

Esta revis&#xE3;o tem por objetivo levantar dados de literatura sobre o hist&#xF3;rico e a situa&#xE7;&#xE3;o
atual das t&#xE9;cnicas de cultura de tecidos em plantas medicinais. Para tanto, foi realizada uma
revis&#xE3;o de publica&#xE7;&#xF5;es do per&#xED;odo de 1976 a 2009. A cultura de tecidos &#xE9; muito utilizada em
pesquisas envolvendo plantas medicinais, com destaque para a t&#xE9;cnica de micropropaga&#xE7;&#xE3;o. A
aplica&#xE7;&#xE3;o das t&#xE9;cnicas de cultura de tecidos em plantas medicinais tem como perspectivas a
obten&#xE7;&#xE3;o de germoplasma competitivo e adaptado a diversos m&#xE9;todos de cultivo, escolha de
novas esp&#xE9;cies que servir&#xE3;o como fonte de compostos biologicamente ativos e aprimoramento
da produ&#xE7;&#xE3;o de fitof&#xE1;rmacos, a fim de assegurar explora&#xE7;&#xE3;o sustent&#xE1;vel destas esp&#xE9;cies.

Palavras-chave: cultura de tecidos, micropropaga&#xE7;&#xE3;o, plantas medicinais, biotecnologia</subfield>
  </datafield>
  <datafield tag="520" ind1=" " ind2=" ">
    <subfield code="a">

ABSTRACT: 

Applications of tissue culture in medicinal plants. The aim of this literature
review is to conduct a survey concerning the history and current situation of tissue culture
techniques in medicinal plants. Therefore, a review was done considering the period from 1976 to
2009. Tissue culture is widely applied in medicinal plants researches, especially micropropagation.
The perspectives of tissue culture techniques in medicinal plants are related to the development
of competitive germoplasm adapted to diverse methods of cultivation, the election of new species
that will serve as source of biological active composts, and the improvement of phytochemicals
production, in order to assure sustainable exploration of these species.

Key words: tissue culture, micropropagation, medicinal plants, biotechnology</subfield>
  </datafield>
  <datafield tag="650" ind1=" " ind2=" ">
    <subfield code="a">CULTURA DE TECIDO</subfield>
  </datafield>
  <datafield tag="650" ind1=" " ind2=" ">
    <subfield code="a">MICROPROPAGA&#xC7;&#xC3;O</subfield>
  </datafield>
  <datafield tag="650" ind1=" " ind2=" ">
    <subfield code="a">PLANTA MEDICINAL</subfield>
  </datafield>
  <datafield tag="650" ind1=" " ind2=" ">
    <subfield code="a">BIOTECNOLOGIA</subfield>
  </datafield>
  <datafield tag="773" ind1="0" ind2=" ">
    <subfield code="0">3543</subfield>
    <subfield code="9">313852</subfield>
    <subfield code="d">Botucatu-SP Instituto de Bioci&#xEA;ncias - Departamento de Qu&#xED;mica e Bioqu&#xED;mica 1998</subfield>
    <subfield code="o">2024-0124</subfield>
    <subfield code="t">Revista Brasileira de Plantas Medicinais (Brazil)</subfield>
    <subfield code="x">1516-0572</subfield>
    <subfield code="g">v. 14(1) p. 110-121; (2012)</subfield>
    <subfield code="w">BR2024000158</subfield>
  </datafield>
  <datafield tag="856" ind1=" " ind2=" ">
    <subfield code="u">https://www.scielo.br/j/rbpm/a/pQVvvVCQ5XKmh87CTfjq5JG/?format=pdf&amp;lang=pt</subfield>
  </datafield>
  <datafield tag="942" ind1=" " ind2=" ">
    <subfield code="c">Anal&#xED;tica</subfield>
  </datafield>
  <datafield tag="999" ind1=" " ind2=" ">
    <subfield code="c">298788</subfield>
    <subfield code="d">298788</subfield>
  </datafield>
</record>
